| 000 | 00876nam a22001935i 4500 | ||
|---|---|---|---|
| 001 | 178716 | ||
| 003 | ES-MaACL | ||
| 005 | 20230906220605.0 | ||
| 008 | 110613s1974 sp |||| | spa d | ||
| 080 | _a618.19-006 | ||
| 100 | 1 |
_aCapdevila Torra, Joaquín. _9147161 |
|
| 245 | 1 | 3 |
_aLa flebografía de la mamaria interna, la linforadiografía y linfogammagrafía en los tumores de la mama / _cresumen de la tesis presentada para aspirar al grado de doctor en medicina por Joaquín Capdevila Torra. |
| 260 |
_aBarcelona : _bUniversidad de Barcelona, Secretariado de Publicaciones, Intercambio Científico y Extensión Universitaria : _b[Ivern], _c1974. |
||
| 300 |
_a12 p. ; _c24 cm. |
||
| 500 | _aCub. tomada como port. | ||
| 650 | 4 |
_aMamas- _xCáncer- _vDiagnóstico. _914745 |
|
| 710 | 2 |
_aUniversidad de Barcelona. _97141 |
|
| 852 |
_aES-MaACL _jE-15361 (119) _xOlim P-1374 |
||
| 999 |
_c178716 _d178716 |
||